[Event "XIV Weekend Val Bisagno"]
[Site "Genova ITA"]
[Date "2013.10.19"]
[Round "3"]
[White "Brun, Dario"]
[Black "Boschi, Massimiliano"]
[Result "1-0"]
[WhiteElo "2240"]
[BlackElo "1926"]
[PlyCount "57"]
[EventDate "2013.10.18"]

1. d4 Nf6 2. c4 e6 3. Nc3 Bb4 4. Qc2 c5 5. dxc5 Na6 6. a3 Bxc3+ 7. Qxc3 Nxc5 8.
f3 d6 9. e4 O-O 10. Be3 Qc7 11. Ne2 b6 12. Qc2 Bb7 13. Nc3 Rac8 14. b4 Na6 15.
Nb5 Qb8 16. Bf4 e5 17. Bg5 d5 18. Bxf6 gxf6 19. exd5 Bxd5 20. Bd3 Kh8 21. O-O
Rg8 22. Qe2 Bb7 23. Rad1 Rcd8 24. Qe3 Kg7 25. c5 bxc5 26. bxc5 Nc7 27. Nd6 Ba6
28. Rb1 Qa8 29. Be4 1-0

[Event "XIV Weekend Val Bisagno"]
[Site "Genova ITA"]
[Date "2013.10.19"]
[Round "3"]
[White "Buselli, Claudio"]
[Black "Saffioti, Cristian"]
[Result "1/2-1/2"]
[WhiteElo "1620"]
[BlackElo "1887"]
[PlyCount "77"]
[EventDate "2013.10.18"]

1. d4 Nf6 2. Nf3 d6 3. c4 Nbd7 4. Nc3 e5 5. dxe5 dxe5 6. e4 c6 7. Qc2 Qc7 8.
Bd3 Be7 9. O-O O-O 10. a3 a5 11. Bg5 h6 12. Bxf6 Nxf6 13. h3 Be6 14. Rfd1 Nd7
15. Na4 Nc5 16. Nxc5 Bxc5 17. Qc3 f6 18. b4 axb4 19. axb4 Be7 20. c5 Rxa1 21.
Rxa1 b5 22. Bc2 Rd8 23. Bb3 Qd7 24. Rd1 Qc8 25. Bxe6+ Qxe6 26. Rxd8+ Bxd8 27.
Qd3 Bc7 28. Nd2 Kf7 29. Qb3 g6 30. Qxe6+ Kxe6 31. f3 f5 32. Kf2 Bd8 33. Nb3
fxe4 34. fxe4 Bg5 35. g3 h5 36. h4 Bd8 37. Ke2 g5 38. hxg5 Bxg5 39. Kf3 1/2-1/2

[Event "XIV Weekend Val Bisagno"]
[Site "Genova ITA"]
[Date "2013.10.19"]
[Round "3"]
[White "Cantoro, Daniele"]
[Black "Tripi, Nicolo'"]
[Result "1-0"]
[WhiteElo "2121"]
[BlackElo "1838"]
[PlyCount "79"]
[EventDate "2013.10.18"]

1. e4 c5 2. Nc3 Nc6 3. Bb5 d6 4. Nge2 Nf6 5. d4 cxd4 6. Nxd4 Bd7 7. Bg5 e6 8.
Nb3 Be7 9. Qd2 Qc7 10. O-O-O a6 11. Be2 b5 12. a3 Ne5 13. Bxf6 gxf6 14. f4 Nc4
15. Qd4 Rc8 16. Rd3 a5 17. Nd2 b4 18. Nxc4 Qxc4 19. Qxc4 Rxc4 20. Rdd1 Rc5 21.
axb4 axb4 22. Na2 b3 23. Nc3 bxc2 24. Kxc2 Ba4+ 25. b3 Bc6 26. Rd4 Ra5 27. b4
Ra7 28. b5 Bb7 29. b6 Ra5 30. Bb5+ Kf8 31. Rhd1 f5 32. e5 d5 33. Ra4 Rxa4 34.
Nxa4 Kg7 35. Rd3 Rc8+ 36. Rc3 Rxc3+ 37. Kxc3 f6 38. Kd4 fxe5+ 39. Kxe5 d4 40.
Kxe6 1-0

[Event "XIV Weekend Val Bisagno"]
[Site "Genova ITA"]
[Date "2013.10.19"]
[Round "3"]
[White "Milleri, Leonardo"]
[Black "Grasso, Gabriele"]
[Result "1/2-1/2"]
[WhiteElo "1916"]
[BlackElo "1730"]
[PlyCount "48"]
[EventDate "2013.10.18"]

1. d4 e6 2. c4 f5 3. g3 Nf6 4. Bg2 c6 5. Nf3 d5 6. O-O Bd6 7. Nbd2 Nbd7 8. Qc2
b6 9. cxd5 cxd5 10. b3 Bb7 11. Bb2 O-O 12. Ng5 Rc8 13. Qd3 Qe7 14. Rfc1 Ne4 15.
Nh3 Rxc1+ 16. Rxc1 Rc8 17. Rxc8+ Bxc8 18. Nf3 g5 19. Ne5 Nxe5 20. dxe5 Bb8 21.
f3 Nc5 22. Qc2 Bb7 23. Nf2 Qg7 24. Ba3 Qxe5 1/2-1/2

[Event "XIV Weekend Val Bisagno"]
[Site "Genova ITA"]
[Date "2013.10.19"]
[Round "3"]
[White "Mortola, Alberto"]
[Black "Saffioti, Massimo"]
[Result "1/2-1/2"]
[WhiteElo "1947"]
[BlackElo "1919"]
[PlyCount "63"]
[EventDate "2013.10.18"]

1. b4 e5 2. Bb2 d6 3. e4 Nf6 4. Bc4 Bg4 5. f3 Be6 6. Bxe6 fxe6 7. Ne2 Nc6 8. b5
Ne7 9. d4 Ng6 10. Nd2 exd4 11. Nxd4 Qd7 12. c4 e5 13. Nf5 Nf4 14. O-O g6 15.
Ne3 Bh6 16. Nd5 N6xd5 17. exd5 O-O 18. Ne4 Nh5 19. Qb3 Nf6 20. c5 Nxe4 21. fxe4
Qg4 22. cxd6 cxd6 23. Qd3 Rac8 24. Rxf8+ Rxf8 25. Ba3 Qd7 26. Rf1 Qc7 27. Rxf8+
Bxf8 28. Qh3 Qb6+ 29. Kf1 Qxb5+ 30. Kf2 Qe8 31. Qd3 Qd8 32. Qh3 1/2-1/2

[Event "XIV Weekend Val Bisagno"]
[Site "Genova ITA"]
[Date "2013.10.19"]
[Round "3"]
[White "Pedemonte, Claudio"]
[Black "Manfredi, Vincenzo"]
[Result "0-1"]
[WhiteElo "1861"]
[BlackElo "2222"]
[PlyCount "68"]
[EventDate "2013.10.18"]

1. c4 e6 2. d4 Nf6 3. Nf3 c5 4. e3 d5 5. Bd3 dxc4 6. Bxc4 Nc6 7. O-O cxd4 8.
exd4 Be7 9. Nc3 O-O 10. Bf4 b6 11. Nb5 Na5 12. Bd3 Nd5 13. Bg3 a6 14. Nc3 Bb7
15. Qe2 Nb4 16. Be4 Bxe4 17. Qxe4 Nc4 18. a3 Nd5 19. Nxd5 exd5 20. Qe2 Re8 21.
Rfe1 b5 22. Ne5 Bf8 23. Qf3 f6 24. Nd3 Qd7 25. Qh5 Re4 26. Nc5 Bxc5 27. Rxe4
dxe4 28. dxc5 Nxb2 29. Bd6 Qe6 30. Re1 Nd3 31. Re2 f5 32. f3 Qb3 33. Rf2 e3 34.
Rf1 e2 0-1

[Event "XIV Weekend Val Bisagno"]
[Site "Genova ITA"]
[Date "2013.10.19"]
[Round "3"]
[White "Traverso, Massimiliano"]
[Black "Baggiani, Fabio"]
[Result "0-1"]
[WhiteElo "1923"]
[BlackElo "1768"]
[PlyCount "82"]
[EventDate "2013.10.18"]

1. e4 d6 2. d4 Nf6 3. Nc3 Nbd7 4. Nf3 e5 5. g4 h6 6. Rg1 c6 7. Be3 Qa5 8. Qd2
a6 9. h4 b5 10. Bd3 c5 11. dxc5 dxc5 12. g5 hxg5 13. hxg5 Nh5 14. Be2 Bb7 15.
O-O-O O-O-O 16. Kb1 c4 17. Nd5 Qxd2 18. Rxd2 Nc5 19. Bxc5 Bxc5 20. Nxe5 f5 21.
Nf7 fxe4 22. Nxd8 Rxd8 23. Bg4+ Kb8 24. Bxh5 e3 25. Rdd1 exf2 26. Rgf1 Rxd5 27.
Rxd5 Bxd5 28. Be2 Bg2 29. Rd1 Kc7 30. c3 Be3 31. g6 Be4+ 32. Ka1 Bxg6 33. Bf1
Bd3 34. Bg2 Be2 35. Rh1 Kd6 36. b3 Ke5 37. bxc4 bxc4 38. Kb2 Kf4 39. Ka3 Kg3
40. Bh3 g5 41. Be6 f1=Q 0-1

[Event "XIV Weekend Val Bisagno"]
[Site "Genova ITA"]
[Date "2013.10.20"]
[Round "4"]
[White "Baggiani, Fabio"]
[Black "Mortola, Alberto"]
[WhiteElo "1768"]
[BlackElo "1947"]
[Result "1/2-1/2"]
[PlyCount "101"]
[EventDate "2013.10.18"]

1. f4 d5 2. e3 g6 3. Nf3 Bg7 4. Be2 Nf6 5. O-O O-O 6. d3 c5 7. Nc3 d4 8. Ne4
Nxe4 9. dxe4 dxe3 10. c3 b6 11. Bxe3 Bb7 12. Qa4 Qd7 13. Qc2 Nc6 14. Rad1 Qc7
15. Rd2 Rad8 16. Rfd1 Bh6 17. Ng5 Bxg5 18. fxg5 e6 19. Rxd8 Rxd8 20. Rxd8+ Qxd8
21. Qd2 Qxd2 22. Bxd2 e5 23. Be1 Kf8 24. g4 Ke7 25. Bg3 Kd6 26. Kf2 Nd8 27. Ke3
Ne6 28. h4 a6 29. a4 Bc6 30. b3 b5 31. axb5 axb5 32. c4 b4 33. Bd1 Nd4 34. Kd3
Bd7 35. Ke3 Be6 36. Kd3 Nc6 37. Bf2 Nb8 38. Bg3 Nd7 39. Ke3 f6 40. gxf6 Nxf6
41. g5 Ng8 42. Bf2 Ne7 43. Bg3 Nc6 44. Kd3 Bh3 45. Ke3 Bg2 46. Bc2 Nd4 47. Bd1
Bf1 48. Bh2 Bg2 49. Bg3 Bh3 50. Bh2 Ne6 51. Bg3 1/2-1/2

[Event "XIV Weekend Val Bisagno"]
[Site "Genova ITA"]
[Date "2013.10.20"]
[Round "4"]
[White "Boschi, Massimiliano"]
[Black "Pedemonte, Claudio"]
[Result "1-0"]
[WhiteElo "1926"]
[BlackElo "1861"]
[PlyCount "63"]
[EventDate "2013.10.18"]

1. e3 e5 2. c4 Nf6 3. Nc3 d5 4. cxd5 Nxd5 5. Nf3 Nxc3 6. bxc3 Bd6 7. d4 e4 8.
Nd2 Bf5 9. Qb3 Qc8 10. Bc4 O-O 11. Bd5 Nc6 12. Bxe4 Bxe4 13. Nxe4 Be7 14. O-O
b6 15. Qd5 Na5 16. Ng3 Rd8 17. Qf5 Qa6 18. e4 Nb3 19. Rb1 Qxa2 20. Bf4 Rac8 21.
Qg4 Na5 22. Nf5 Bf8 23. Nxg7 Bxg7 24. Bh6 Kf8 25. Qxg7+ Ke8 26. d5 Qe2 27. Qf8+
Kd7 28. Qxf7+ Kd6 29. Qe6+ Kc5 30. Be3+ Kc4 31. d6+ Kxc3 32. Rfc1+ 1-0

[Event "XIV Weekend Val Bisagno"]
[Site "Genova ITA"]
[Date "2013.10.20"]
[Round "4"]
[White "Costi, Giorgio"]
[Black "Buselli, Claudio"]
[Result "1-0"]
[WhiteElo "1953"]
[BlackElo "1620"]
[PlyCount "59"]
[EventDate "2013.10.18"]

1. d4 d5 2. Nf3 Nf6 3. e3 e6 4. Bd3 Nbd7 5. Nbd2 c5 6. c3 Bd6 7. O-O O-O 8. a3
a6 9. b4 c4 10. Bc2 b6 11. e4 dxe4 12. Nxe4 Qc7 13. Nxd6 Qxd6 14. Qe2 Qc7 15.
Nd2 b5 16. Ne4 Nxe4 17. Qxe4 g6 18. Qh4 Bb7 19. Bh6 Rfe8 20. Rae1 Bd5 21. a4
Qd8 22. Bg5 Qc7 23. a5 Qc6 24. f3 Qd6 25. Bf4 Qe7 26. Qg3 Qd8 27. h4 h5 28.
Bxg6 fxg6 29. Qxg6+ Kh8 30. Re5 1-0

[Event "XIV Weekend Val Bisagno"]
[Site "Genova ITA"]
[Date "2013.10.20"]
[Round "4"]
[White "Grasso, Gabriele"]
[Black "Traverso, Massimiliano"]
[Result "0-1"]
[WhiteElo "1730"]
[BlackElo "1923"]
[PlyCount "48"]
[EventDate "2013.10.18"]

1. d4 Nf6 2. Nf3 e6 3. c4 Bb4+ 4. Bd2 Qe7 5. Nc3 O-O 6. g3 b6 7. Bg2 Bb7 8. O-O
d6 9. a3 Bxc3 10. Bxc3 Nbd7 11. Re1 Ne4 12. Qc2 f5 13. Bd2 c5 14. dxc5 Ndxc5
15. Bb4 Rac8 16. Nd2 Qc7 17. Bxc5 Qxc5 18. Nxe4 fxe4 19. Bxe4 Qxf2+ 20. Kh1 d5
21. Bxh7+ Kh8 22. Rf1 Qd4 23. Rxf8+ Rxf8 24. Bg6 Qe3 0-1

[Event "XIV Weekend Val Bisagno"]
[Site "Genova ITA"]
[Date "2013.10.20"]
[Round "4"]
[White "Mangili, Davide"]
[Black "Biancotti, Alessandro"]
[Result "0-1"]
[WhiteElo "1858"]
[BlackElo "1856"]
[PlyCount "78"]
[EventDate "2013.10.18"]

1. e4 c5 2. Na3 Nc6 3. f4 e5 4. Nf3 d6 5. Bc4 Bg4 6. c3 Nf6 7. d3 Be7 8. O-O
exf4 9. Bxf4 O-O 10. Qe1 Nh5 11. Be3 a6 12. Nc2 b5 13. Bd5 Rc8 14. a4 Be6 15.
axb5 axb5 16. Qe2 Nf6 17. Bxc6 Rxc6 18. Ra7 Rc7 19. Rfa1 Qd7 20. Rxc7 Qxc7 21.
Bf4 Qb7 22. Ng5 Bg4 23. Qf2 h6 24. Nf3 Ra8 25. Qf1 Rxa1 26. Qxa1 c4 27. Qf1
cxd3 28. Qxd3 Nxe4 29. Nfd4 Bd7 30. Ne3 d5 31. Nf3 Be6 32. Nd4 b4 33. Nxe6 fxe6
34. Ng4 bxc3 35. bxc3 Bc5+ 36. Kf1 Qb2 37. Qa6 Qb1+ 38. Ke2 Qc2+ 39. Kf3 Qd1+
0-1

[Event "XIV Weekend Val Bisagno"]
[Site "Genova ITA"]
[Date "2013.10.20"]
[Round "4"]
[White "Saffioti, Cristian"]
[Black "Cotugno, Michele"]
[Result "1/2-1/2"]
[WhiteElo "1887"]
[BlackElo "1762"]
[PlyCount "72"]
[EventDate "2013.10.18"]

1. e4 c5 2. Nc3 Nc6 3. Bb5 e6 4. Bxc6 bxc6 5. d3 Nf6 6. Nge2 d5 7. O-O dxe4 8.
dxe4 Ba6 9. Qxd8+ Rxd8 10. f3 Be7 11. Bf4 O-O 12. Rfd1 Rxd1+ 13. Rxd1 Rd8 14.
Rxd8+ Bxd8 15. Kf2 Nd7 16. Na4 Bb5 17. Nac3 Bf6 18. Be3 Bd4 19. Nxb5 cxb5 20.
Nc3 Bxc3 21. bxc3 e5 22. c4 a6 23. Ke2 Kf8 24. cxb5 axb5 25. c4 b4 26. Kd2 Ke7
27. Kc2 Kd6 28. Kb3 Nb6 29. h4 h5 30. g4 g6 31. Bg5 Nd7 32. Ka4 Kc6 33. Bd8 Nf8
34. gxh5 gxh5 35. Bf6 Nd7 36. Bg7 Nb6+ 1/2-1/2

[Event "XIV Weekend Val Bisagno"]
[Site "Genova ITA"]
[Date "2013.10.20"]
[Round "4"]
[White "Saffioti, Massimo"]
[Black "Cantoro, Daniele"]
[WhiteElo "1919"]
[BlackElo "2121"]
[Result "0-1"]
[PlyCount "108"]
[EventDate "2013.10.18"]

1. e4 c5 2. c4 Nc6 3. Ne2 h5 4. Nbc3 h4 5. d3 g6 6. Be3 e6 7. Qd2 Qa5 8. O-O-O
a6 9. Nb1 Qxa2 10. Qc3 e5 11. Na3 Nd4 12. Kd2 b5 13. Nc1 b4 14. Nxa2 bxc3+ 15.
bxc3 Ne6 16. Be2 Bb7 17. Rb1 Bc6 18. Nc2 f5 19. f3 fxe4 20. fxe4 Nf4 21. Bf3 g5
22. d4 Nf6 23. d5 Ba4 24. h3 d6 25. Nc1 Be7 26. Nd3 Bd8 27. Nf2 Bc7 28. Rb7 Kd8
29. Rhb1 Bd7 30. Ne1 a5 31. Nc2 Rg8 32. Bxf4 gxf4 33. Na3 Bc8 34. R7b2 Ke7 35.
Nb5 Bd8 36. Nd3 Nh7 37. Nxf4 exf4 38. e5 Ng5 39. exd6+ Kf6 40. Bg4 Bxg4 41.
hxg4 Rb8 42. Rf1 Ne4+ 43. Kd3 Nxd6 44. Rbf2 Nxb5 45. Rxf4+ Ke5 46. Re4+ Kd6 47.
Re6+ Kd7 48. Rf7+ Kc8 49. cxb5 Rb6 50. Rc6+ Rxc6 51. bxc6 Rxg4 52. Ra7 c4+ 53.
Ke3 Bb6+ 54. Kf3 Rg3+ 0-1

[Event "XIV Weekend Val Bisagno"]
[Site "Genova ITA"]
[Date "2013.10.20"]
[Round "5"]
[White "Biancotti, Alessandro"]
[Black "Costi, Giorgio"]
[Result "1-0"]
[WhiteElo "1856"]
[BlackElo "1953"]
[PlyCount "158"]
[EventDate "2013.10.18"]

1. e4 g6 2. d4 Bg7 3. Nc3 d6 4. Nf3 a6 5. Bc4 Nf6 6. a4 O-O 7. O-O Nbd7 8. Bf4
Nh5 9. Be3 e5 10. Be2 Nf4 11. Bc4 Ne6 12. d5 Nf4 13. Qd2 Nh5 14. Be2 Qe8 15. b4
f5 16. exf5 gxf5 17. Bh6 Qg6 18. Bxg7 Kxg7 19. Kh1 Nf4 20. Nh4 Qf7 21. Bc4 Nf6
22. g3 Ng6 23. Nxg6 hxg6 24. Kg2 Rh8 25. h4 Bd7 26. Be2 Raf8 27. b5 a5 28. Rh1
b6 29. Rad1 Bc8 30. Qg5 Nh5 31. Bd3 Nf6 32. Be2 Nh7 33. Qe3 Nf6 34. f3 Rh6 35.
Qd2 Rfh8 36. Rh2 Bb7 37. Bc4 Qe7 38. Rdh1 Nh5 39. Re1 Qf6 40. Ne2 Bc8 41. Reh1
Rf8 42. Bd3 e4 43. Bc4 exf3+ 44. Kxf3 Re8 45. Qd4 Qxd4 46. Nxd4 Re4 47. Rd1 Rh8
48. Re2 Rhe8 49. Rde1 Nf6 50. c3 Rxe2 51. Rxe2 Rxe2 52. Nxe2 Kf7 53. Ba2 Ne4
54. Kf4 Nc5 55. Kg5 Nxa4 56. c4 Nc5 57. Bb1 Nd7 58. Nf4 Ne5 59. Ba2 Bd7 60. Bb3
Kg7 61. Ne2 Nf3+ 62. Kf4 Nd2 63. Ba2 Ne4 64. Nd4 Kf6 65. g4 Nc3 66. g5+ Kf7 67.
Bb3 a4 68. Bc2 a3 69. Ke3 Nxb5 70. cxb5 Bxb5 71. Bb3 Ba6 72. Nc2 Ke7 73. Nxa3
b5 74. Nc2 Bb7 75. Nd4 Kd7 76. Ne6 c5 77. dxc6+ Bxc6 78. Nf8+ Ke8 79. Nxg6 b4
1-0

[Event "XIV Weekend Val Bisagno"]
[Site "Genova ITA"]
[Date "2013.10.20"]
[Round "5"]
[White "Brun, Dario"]
[Black "Baggiani, Fabio"]
[Result "1-0"]
[WhiteElo "2240"]
[BlackElo "1768"]
[PlyCount "156"]
[EventDate "2013.10.18"]

1. d4 d6 2. Nf3 Nd7 3. c4 e5 4. Nc3 Ngf6 5. e4 c6 6. Be2 Be7 7. O-O O-O 8. Re1
Re8 9. Bf1 a6 10. a3 h6 11. d5 c5 12. b4 Nh7 13. g3 Ng5 14. Nh4 g6 15. Bg2 b6
16. Nf3 Nf8 17. bxc5 bxc5 18. h4 Nxf3+ 19. Qxf3 h5 20. Rb1 Bg4 21. Qe3 Nh7 22.
Bf3 Qd7 23. Bxg4 Qxg4 24. Qe2 Qh3 25. Qf1 Qd7 26. Bd2 Reb8 27. Rxb8+ Rxb8 28.
Rb1 Qe8 29. Rxb8 Qxb8 30. Qb1 Qxb1+ 31. Nxb1 Bd8 32. Kf1 Kf8 33. Ke2 Ke8 34.
Kd3 Nf8 35. Bc3 Nd7 36. Nd2 Nb8 37. Nf3 f6 38. Nd2 Nd7 39. f3 g5 40. Nf1 Kf7
41. Ne3 gxh4 42. gxh4 Nf8 43. Nf5 Bc7 44. Be1 Ng6 45. Bd2 Ne7 46. Ng3 Ng6 47.
Nxh5 Nxh4 48. Ke2 f5 49. Bg5 Kg6 50. Nf4+ Kxg5 51. Ne6+ Kf6 52. Nxc7 a5 53. Nb5
Ke7 54. Na7 f4 55. Nc6+ Kd7 56. Nxa5 Ng2 57. Nc6 Ne3 58. Kd3 Nd1 59. Kd2 Ne3
60. Kd3 Nd1 61. Kd2 Ne3 62. Kd3 Nd1 63. Na7 Nb2+ 64. Kc3 Nd1+ 65. Kc2 Ne3+ 66.
Kd3 Nd1 67. Nb5 Nb2+ 68. Kc3 Nd1+ 69. Kc2 Ne3+ 70. Kd3 Nd1 71. Kc2 Ne3+ 72. Kb3
Nf1 73. a4 Nd2+ 74. Kc3 Nxf3 75. a5 Nd4 76. Nxd4 cxd4+ 77. Kd2 Kc7 78. c5 dxc5
1-0

[Event "XIV Weekend Val Bisagno"]
[Site "Genova ITA"]
[Date "2013.10.20"]
[Round "5"]
[White "Cantoro, Daniele"]
[Black "Manfredi, Vincenzo"]
[Result "0-1"]
[WhiteElo "2121"]
[BlackElo "2222"]
[PlyCount "182"]
[EventDate "2013.10.18"]

1. e4 c5 2. Nf3 Nc6 3. d4 cxd4 4. Nxd4 e6 5. Nc3 Qc7 6. g3 a6 7. Bg2 Nf6 8. O-O
Bc5 9. Nxc6 dxc6 10. Na4 Be7 11. c4 e5 12. f4 b5 13. Nc3 Bc5+ 14. Kh1 Ng4 15.
Qc2 Qb6 16. a3 Nf2+ 17. Kg1 Nxe4+ 18. Kh1 Nxc3 19. Qxc3 Bd4 20. Qf3 Bd7 21.
cxb5 axb5 22. fxe5 O-O 23. Qh5 Rae8 24. Bf4 c5 25. Be4 g6 26. Qf3 Bxe5 27. Rad1
Bc8 28. Bh6 Bg7 29. Bxg7 Kxg7 30. Bc6 Re6 31. Bd5 Rd6 32. Qc3+ f6 33. Bg2 Bb7
34. Bxb7 Qxb7+ 35. Kg1 Qd7 36. Rde1 c4 37. Qf3 Rd3 38. Qf4 Rd2 39. Rf2 Rxf2 40.
Qxf2 Rf7 41. Qe3 g5 42. Re2 Qd1+ 43. Re1 Qd5 44. Qe4 Rd7 45. Qxd5 Rxd5 46. Rc1
Rd4 47. a4 bxa4 48. Ra1 c3 49. bxc3 Re4 50. Kf2 g4 51. Rb1 Kf7 52. Rb6 Re6 53.
Rb7+ Re7 54. Rb2 h5 55. Ra2 Re4 56. Rb2 a3 57. Ra2 Ra4 58. Ke3 Ke6 59. Kd3 Kd5
60. c4+ Kc5 61. Kc3 Ra8 62. Kb3 f5 63. Kc3 Ra7 64. Kb3 Ra6 65. Kc3 Re6 66. Ra1
Re3+ 67. Kd2 Rf3 68. Rc1 a2 69. Kc2 Ra3 70. Ra1 Kxc4 71. Kb2 Ra5 72. Rc1+ Kd3
73. Ka1 Ke3 74. Rf1 Ke4 75. Re1+ Kf3 76. Rc1 Kg2 77. Rc2+ Kh3 78. Rb2 h4 79.
gxh4 Kxh4 80. Rc2 f4 81. Rc4 f3 82. Rc2 g3 83. Rc4+ Kh3 84. hxg3 Kxg3 85. Rc3
Kg2 86. Rc7 f2 87. Rg7+ Kf3 88. Rf7+ Ke3 89. Rf8 Ra4 90. Rf7 Rf4 91. Re7+ Kf3
0-1

[Event "XIV Weekend Val Bisagno"]
[Site "Genova ITA"]
[Date "2013.10.20"]
[Round "5"]
[White "Cotugno, Michele"]
[Black "Saffioti, Massimo"]
[Result "0-1"]
[WhiteElo "1762"]
[BlackElo "1919"]
[PlyCount "106"]
[EventDate "2013.10.18"]

1. e4 c5 2. Nf3 Nc6 3. d4 cxd4 4. Nxd4 e6 5. Nc3 a6 6. Nxc6 bxc6 7. Bd3 Nf6 8.
O-O e5 9. Bg5 Be7 10. Ne2 d5 11. Bxf6 Bxf6 12. Rb1 O-O 13. Ng3 Bg5 14. Qf3 g6
15. c4 d4 16. Qd1 h5 17. Re1 Bg4 18. Qc2 h4 19. Nf1 Qf6 20. h3 Be6 21. Qe2 Kg7
22. Nh2 Bf4 23. Nf3 Kh6 24. Kh1 g5 25. Nh2 Bxh2 26. Kxh2 Qf4+ 27. g3 hxg3+ 28.
fxg3 Qf6 29. Rf1 Qg6 30. Qf3 Kg7 31. g4 Rh8 32. Qg3 f6 33. Rf2 Rh4 34. Kg2 Rah8
35. Rbf1 Rxh3 36. Qxh3 Rxh3 37. Kxh3 Qh6+ 38. Kg2 Bxg4 39. Rh1 Qg6 40. Kg3 Be6
41. Rfh2 Bg8 42. Rh6 Qxh6 43. Rxh6 Kxh6 44. a3 Be6 45. b4 Kg6 46. a4 Bc8 47. b5
cxb5 48. cxb5 axb5 49. Bxb5 Bb7 50. Bd3 Kf7 51. a5 Ke7 52. a6 Bc6 53. Kg4 Kd6
0-1

[Event "XIV Weekend Val Bisagno"]
[Site "Genova ITA"]
[Date "2013.10.20"]
[Round "5"]
[White "Milleri, Leonardo"]
[Black "De Pirro, Amedeo"]
[Result "1-0"]
[WhiteElo "1916"]
[BlackElo "1386"]
[PlyCount "102"]
[EventDate "2013.10.18"]

1. d4 Nf6 2. Nf3 d5 3. c4 e6 4. Nc3 c5 5. e3 Nc6 6. cxd5 exd5 7. dxc5 Bxc5 8.
Bb5 O-O 9. O-O a6 10. Bxc6 bxc6 11. Nd4 Bxd4 12. Qxd4 Bd7 13. Bd2 Qc7 14. h3
Rab8 15. Rfc1 Qd6 16. Na4 Ne4 17. Nc5 Nxc5 18. Rxc5 Qf6 19. Qxf6 gxf6 20. Bc3
f5 21. Ra5 Ra8 22. Be5 Rfe8 23. f4 h5 24. Kf2 Re6 25. Rc1 Kh7 26. Rc3 Ree8 27.
Rb3 Rg8 28. Rb7 Be6 29. Rb6 d4 30. Bxd4 Bd5 31. Rxd5 cxd5 32. Rf6 Raf8 33. Rxf5
Rg6 34. Rxh5+ Rh6 35. Rxd5 f6 36. Rd7+ Kg6 37. Ra7 Kf5 38. Kf3 Rc8 39. g4+ Ke6
40. Rxa6+ Kd5 41. Rxf6 Rxh3+ 42. Kg2 Rh4 43. Kg3 Rh1 44. Rf5+ Ke4 45. Rh5 Rg1+
46. Kh4 Kf3 47. Kg5 Rxg4+ 48. Kf5 Rf8+ 49. Ke6 Re8+ 50. Kd7 Ra8 51. a3 Rg6 1-0

[Event "XIV Weekend Val Bisagno"]
[Site "Genova ITA"]
[Date "2013.10.20"]
[Round "5"]
[White "Mortola, Alberto"]
[Black "Boschi, Massimiliano"]
[Result "1-0"]
[WhiteElo "1947"]
[BlackElo "1926"]
[PlyCount "142"]
[EventDate "2013.10.18"]

1. d4 Nf6 2. Bf4 e6 3. e3 c5 4. Bd3 Nc6 5. c3 d5 6. Nd2 Be7 7. Ngf3 O-O 8. O-O
Nh5 9. Bg3 Nxg3 10. hxg3 cxd4 11. Nxd4 g6 12. N2f3 Bf6 13. e4 e5 14. exd5 Nxd4
15. cxd4 exd4 16. Bc4 b5 17. Bxb5 Qxd5 18. Be2 Rb8 19. Qd2 d3 20. Bxd3 Rxb2 21.
Qf4 Kg7 22. Bc4 Qf5 23. Rad1 Re8 24. Rd2 Qxf4 25. gxf4 Re4 26. Rxb2 Bxb2 27.
Bd5 Rxf4 28. Rb1 Bd4 29. g3 Rf5 30. Be4 Rxf3 31. Bxf3 Be6 32. Rd1 Bc3 33. Bd5
Kf6 34. Bxe6 Kxe6 35. Kg2 h5 36. f4 f6 37. Kf3 a5 38. a4 Bb4 39. Rd3 g5 40. Rd1
Kf5 41. Rd5+ Kg6 42. Ke4 Be1 43. fxg5 fxg5 44. Rd6+ Kh7 45. Kf5 Bxg3 46. Ra6
Be1 47. Kxg5 h4 48. Ra7+ Kg8 49. Kg6 Kf8 50. Rh7 Ke8 51. Kf6 Kd8 52. Ke6 Bg3
53. Rd7+ Kc8 54. Rd5 Be1 55. Re5 Bd2 56. Re4 Bg5 57. Rg4 Bd8 58. Rc4+ Kb7 59.
Kd7 Bg5 60. Rg4 Bf6 61. Ke6 Bd8 62. Rg8 Bc7 63. Rh8 Bg3 64. Kd7 Be1 65. Rh6 Bf2
66. Rh5 Be1 67. Rb5+ Ka6 68. Kc6 Bg3 69. Rb6+ Ka7 70. Rb7+ Ka6 71. Rh7 Bf2 1-0

[Event "XIV Weekend Val Bisagno"]
[Site "Genova ITA"]
[Date "2013.10.20"]
[Round "5"]
[White "Pedemonte, Claudio"]
[Black "Saffioti, Cristian"]
[Result "0-1"]
[WhiteElo "1861"]
[BlackElo "1887"]
[PlyCount "92"]
[EventDate "2013.10.18"]

1. c4 Nf6 2. Nc3 d6 3. e4 e5 4. g3 Be7 5. Bg2 O-O 6. Nge2 c6 7. O-O Nbd7 8. d4
Qc7 9. h3 Re8 10. Be3 b6 11. Rc1 a6 12. Qd2 Bb7 13. b3 Rad8 14. d5 c5 15. Kh2
Bf8 16. Ng1 g6 17. Qe2 Bg7 18. Nf3 Rb8 19. Nd2 Re7 20. Bf3 Rbe8 21. h4 h5 22.
Bg5 Nf8 23. Bg2 N8h7 24. Nf3 Ng4+ 25. Kg1 f6 26. Bd2 Bh6 27. Bxh6 Nxh6 28. Bh3
Kg7 29. Qd2 Bc8 30. Bxc8 Qxc8 31. Kg2 Ng4 32. Rce1 Qd7 33. Re2 b5 34. Qd3 Rb8
35. cxb5 axb5 36. Rb1 b4 37. Na4 f5 38. Qd2 fxe4 39. Ng5 Nxg5 40. Qxg5 Rf7 41.
Rbb2 Rf5 42. Qd2 Rbf8 43. Nb6 Qe7 44. Kh3 Qf7 45. Nc4 Rxf2 46. Nxd6 Qd7 0-1